000 00990nam a2200265 i 4500
003 DO-SdBNP
005 20260512132210.0
007 ta
008 221118t2022 dr ahodgrt||| 001 e spa d
040 _aDO-SdBNP
_bspa
_cBNPHU
_erda
041 _aspa
082 4 _a972.93006
_bA168m 2019-2022
_222
110 2 _aAcademia Dominicana de la Historia
_9777
245 1 0 _aMemoria de la Junta Directiva 2019-2020 /
_cAcademia Dominicana de la Historia
264 4 _aSanto Domingo, República Dominicana :
_bEditora Búho,
_c©2022.
300 _a672 páginas :
_bilustraciones, facsímil., fotografía, gráfica ;
_c23 cm.
336 _atexto
_btxt
_2rdacontent
337 _asin mediación
_bn
_2rdamedia
338 _avolumen
_bnc
_2rdacarrier
490 0 _aAcademia Dominicana de la Historia ;
_v165
590 _aInventariado 2024 / MF
610 7 _aAcademia Dominicana de la Historia
_xInformes
_y2019-2022
_2LIBRUNAM
_989535
910 _aValidado. Control de calidad MFF
942 _2ddc
_cLBS1
999 _c52974
_d52974